|
|
|
|
| LEADER |
00735nam a2200181 a 4500 |
| 001 |
00023963 |
| 008 |
111213s2008 ii 000 0 eng d |
| 040 |
|
|
|a BD-DhAAL
|c BD-DhAAL
|
| 082 |
0 |
0 |
|a 378.54
|2 22
|
| 245 |
0 |
0 |
|a Master's degree programmes prospectus 2008-2010
|
| 260 |
|
|
|a Mumbai :
|b Tata institute of social sciences,
|c 2008.
|
| 300 |
|
|
|a ii, 192 p. :
|b ill. ;
|c 28 cm.
|
| 541 |
1 |
|
|e 00023963
|
| 650 |
|
0 |
|a Education, High
|x Curricula
|z India.
|
| 710 |
2 |
|
|a Tata institute of social sciences
|
| 852 |
1 |
|
|a James P. Grant School of Public Health (JPGSPH)
|
| 999 |
|
|
|c 11598
|d 11598
|
| 952 |
|
|
|0 0
|1 0
|2 ddc
|4 0
|6 378_540000000000000_MAS
|7 0
|9 18876
|a JPGSPH
|b JPGSPH
|d 2011-12-13
|e School of Public Helath
|l 0
|o 378.54 MAS
|p 3060023963
|r 2011-12-14
|t 1
|w 2011-12-14
|y BK
|